[Event "Sarpsborg CC-ch"]
[Site "Sarpsborg"]
[Date "2003.04.25"]
[Round "5"]
[White "Andersen, Dag"]
[Black "Birkic, Vid"]
[Result "1/2-1/2"]
[WhiteElo "1292"]
[BlackElo "1879"]
[PlyCount "188"]
[EventDate "2003.??.??"]
[EventType "swiss"]
[EventRounds "15"]
[EventCountry "NOR"]
[SourceTitle "EXT 2005"]
[Source "ChessBase"]
[SourceDate "2004.11.15"]
[SourceVersion "1"]
[SourceVersionDate "2004.11.15"]
[SourceQuality "1"]

1. d4 d5 2. Bg5 Nf6 3. c3 Ne4 4. Bh4 g5 5. Bg3 Nxg3 6. fxg3 Bf5 7. Nd2 Nd7 8. e3 e5 9. dxe5 Nxe5 10. Ndf3 Bg7 11. Nxe5 Bxe5 12. Nf3 Bf6 13. Qb3 Qe7 14. Kf2 0-0-0 15. Nd4 Bxd4 16. cxd4 Rd6 17. Qa3 Re8 18. Bb5 c6 19. Rac1 Kb8 20. Ba4 Qe6 21. Rhe1 h5 22. h3 Be4 23. Bd1 h4 24. g4 Qd7 25. Bf3 Rf6 26. Ke2 Rfe6 27. Kd2 Qc7 28. Bxe4 Rxe4 29. Re2 Qd7 30. Rf1 Qe6 31. Qc3 b6 32. b4 Re7 33. Rf5 f6 34. a4 Kb7 35. a5 bxa5 36. bxa5 Ka8 37. a6 c5 38. Qa5 Rxd4+ 39. Ke1 Rb4 40. Qxc5 Rb1+ 41. Kf2 Rb6 42. Rxd5 Re8 43. Red2 Rxa6 44. Rd8+ Rxd8 45. Rxd8+ Kb7 46. Rd5 Ra2+ 47. Kf3 Ra6 48. Qd4 Qc6 49. Qe4 Rb6 50. Qe7+ Ka8 51. Qe4 Kb7 52. Qd3 a6 53. e4 Ka7 54. Qd4 a5 55. Rxa5+ Kb7 56. Rc5 Rb3+ 57. Kf2 Qb6 58. Rc4 Rb2+ 59. Kg1 Qxd4+ 60. Rxd4 Rb6 61. Rd2 Kc6 62. Kf2 Rb3 63. Re2 Kd6 64. Re3 Rb2+ 65. Kf3 Rb5 66. g3 hxg3 67. Kxg3 Ke5 68. Kf3 Rb1 69. Ra3 Rb4 70. Ra5+ Ke6 71. Rf5 Rb3+ 72. Kg2 Rb2+ 73. Kg3 Rb3+ 74. Rf3 Rb4 75. Re3 Ke5 76. Kf3 Rb5 77. Ra3 Rb4 78. Ra5+ Ke6 79. Rf5 Rb3+ 80. Kg2 Rb2+ 81. Kg3 Rb3+ 82. Kh2 Rb2+ 83. Kg1 Rb1+ 84. Kf2 Rb2+ 85. Kg3 Rb3+ 86. Rf3 Rb4 87. Re3 Ke5 88. Kf3 Rb5 89. Rd3 Rb4 90. Rd5+ Ke6 91. Ke3 Rb3+ 92. Rd3 Rb4 93. Kf3 Ke5 94. Rd5+ Ke6 1/2-1/2

[Event "Sarpsborg CC-ch"]
[Site "Sarpsborg"]
[Date "2003.01.24"]
[Round "3"]
[White "Andersen, Harry"]
[Black "Birkic, Vid"]
[Result "1-0"]
[WhiteElo "1675"]
[BlackElo "1499"]
[PlyCount "71"]
[EventDate "2003.??.??"]
[EventType "swiss"]
[EventRounds "15"]
[EventCountry "NOR"]
[SourceTitle "EXT 2005"]
[Source "ChessBase"]
[SourceDate "2004.11.15"]
[SourceVersion "1"]
[SourceVersionDate "2004.11.15"]
[SourceQuality "1"]

1. e4 e6 2. d4 c5 3. d5 e5 4. f4 d6 5. Nf3 Bg4 6. Bb5+ Nd7 7. 0-0 Ngf6 8. h3 Bxf3 9. Qxf3 a6 10. fxe5 axb5 11. exf6 Qxf6 12. Qb3 Qd4+ 13. Kh1 Qc4 14. Qxc4 bxc4 15. Na3 Ra4 16. Bf4 c3 17. Nb5 cxb2 18. Rab1 Rxa2 19. Bxd6 b6 20. e5 f6 21. e6 Bxd6 22. Nxd6+ Ke7 23. Nf5+ Kd8 24. exd7 g6 25. Nd6 Rf8 26. Nc4 b5 27. Rxb2 Rxb2 28. Nxb2 Kxd7 29. c4 Kd6 30. cxb5 f5 31. Rd1 Re8 32. Nc4+ Kd7 33. b6 Re4 34. b7 Kc7 35. d6+ Kxb7 36. d7 1-0

[Event "John Dahlgren Memorial"]
[Site "Sarpsborg"]
[Date "2002.11.22"]
[Round "10"]
[White "Birkic, Vid"]
[Black "Kristiansen, Espen"]
[Result "1-0"]
[WhiteElo "1499"]
[BlackElo "1140"]
[PlyCount "49"]
[EventDate "2002.08.??"]
[EventType "swiss"]
[EventRounds "12"]
[EventCountry "NOR"]
[SourceTitle "EXT 2005"]
[Source "ChessBase"]
[SourceDate "2004.11.15"]
[SourceVersion "1"]
[SourceVersionDate "2004.11.15"]
[SourceQuality "1"]

1. Nf3 Nc6 2. e4 e5 3. Be2 Nf6 4. d3 Bc5 5. 0-0 0-0 6. c3 d5 7. exd5 Nxd5 8. b4 Be7 9. b5 Na5 10. Nxe5 Bd6 11. Nf3 Re8 12. Bg5 Nf6 13. Nbd2 Bg4 14. Ne4 Be7 15. Bxf6 Bxf6 16. Qc2 c6 17. Rab1 cxb5 18. Rxb5 Rc8 19. Nxf6+ gxf6 20. h3 Bxh3 21. gxh3 Qd7 22. Rxa5 Qxh3 23. Nh2 Kh8 24. Bg4 Rg8 25. f3 1-0

[Event "John Dahlgren Memorial"]
[Site "Sarpsborg"]
[Date "2002.09.27"]
[Round "6"]
[White "Birkic, Vid"]
[Black "Jensen, Arne Roger"]
[Result "0-1"]
[WhiteElo "1499"]
[BlackElo "1955"]
[PlyCount "72"]
[EventDate "2002.08.??"]
[EventType "swiss"]
[EventRounds "12"]
[EventCountry "NOR"]
[SourceTitle "EXT 2005"]
[Source "ChessBase"]
[SourceDate "2004.11.15"]
[SourceVersion "1"]
[SourceVersionDate "2004.11.15"]
[SourceQuality "1"]

1. e4 c5 2. Nc3 Nc6 3. Nf3 Nf6 4. d4 cxd4 5. Nxd4 e5 6. Nf3 Bb4 7. Bd3 d5 8. Qe2 d4 9. a3 Ba5 10. b4 Nxb4 11. axb4 Bxb4 12. 0-0 Bxc3 13. Ba3 Bxa1 14. Rxa1 Qc7 15. h3 Bd7 16. g4 h6 17. Kh2 a6 18. Qd2 Bc6 19. Re1 g5 20. Kg3 0-0-0 21. Qb4 h5 22. Nxg5 hxg4 23. hxg4 Rdg8 24. Bc1 Qd8 25. Qd2 Qd7 26. f3 Nh5+ 27. gxh5 Rxh5 28. Rg1 f6 29. Kf2 Rh2+ 30. Rg2 Rxg2+ 31. Kxg2 Rxg5+ 32. Kf2 Qh3 33. Bf1 Qh4+ 34. Ke2 Bb5+ 35. Kd1 Rg1 36. c4 Rxf1+ 0-1

[Event "Sarpsborg CC-ch"]
[Site "Sarpsborg"]
[Date "2002.04.19"]
[Round "13"]
[White "Birkic, Vid"]
[Black "Eriksen, Oddvar"]
[Result "0-1"]
[WhiteElo "1495"]
[BlackElo "1594"]
[PlyCount "61"]
[EventDate "2002.01.??"]
[EventType "swiss"]
[EventRounds "15"]
[EventCountry "NOR"]
[SourceTitle "EXT 2005"]
[Source "ChessBase"]
[SourceDate "2004.11.15"]
[SourceVersion "1"]
[SourceVersionDate "2004.11.15"]
[SourceQuality "1"]

1. e4 c5 2. Nf3 Nc6 3. d4 cxd4 4. Nxd4 Nf6 5. Nc3 e6 6. Bg5 Be7 7. f4 0-0 8. Qd2 Ne8 9. Nf3 h6 10. Bxe7 Qxe7 11. 0-0-0 a5 12. Bb5 Qc5 13. Qe2 Nc7 14. Ba4 Rb8 15. Nb5 Qb4 16. Nc3 b5 17. a3 Qc5 18. Bb3 b4 19. Nb1 bxa3 20. Nxa3 Rxb3 21. Kb1 Rxa3 22. bxa3 Ba6 23. Rd3 Bxd3 24. Qxd3 Rb8+ 25. Kc1 Nb5 26. Kd2 Nxa3 27. Ra1 Qf2+ 28. Kc1 Nb4 29. Qd2 Qf1+ 30. Qe1 Qxg2 31. Qd1 0-1

[Event "Sarpsborg CC-ch"]
[Site "Sarpsborg"]
[Date "2002.01.18"]
[Round "2"]
[White "Gupta, Sudhir Kumar"]
[Black "Birkic, Vid"]
[Result "1/2-1/2"]
[WhiteElo "1170"]
[BlackElo "1495"]
[PlyCount "161"]
[EventDate "2002.01.??"]
[EventType "swiss"]
[EventRounds "15"]
[EventCountry "NOR"]
[SourceTitle "EXT 2005"]
[Source "ChessBase"]
[SourceDate "2004.11.15"]
[SourceVersion "1"]
[SourceVersionDate "2004.11.15"]
[SourceQuality "1"]

1. Nf3 d5 2. d4 Nf6 3. e3 Bg4 4. c4 c6 5. Nc3 e6 6. h3 Bh5 7. cxd5 exd5 8. Be2 Nbd7 9. 0-0 Bd6 10. Nd2 Bg6 11. Nf3 Ne4 12. Bd3 0-0 13. Qc2 f5 14. Nd2 Ndf6 15. Ndxe4 dxe4 16. Bc4+ Kh8 17. Bd2 a5 18. d5 b5 19. Be2 b4 20. dxc6 bxc3 21. Bxc3 Nd5 22. Bd4 Qc7 23. Rfc1 f4 24. Qc4 Bf7 25. Qc2 fxe3 26. Qxe4 exf2+ 27. Bxf2 Rae8 28. Qc2 Nb4 29. Qd1 Bf4 30. Rc5 Be3 31. Bxe3 Rxe3 32. a3 Rd8 33. Qf1 Nd5 34. Rd1 Re5 35. Bc4 Qb6 36. b4 axb4 37. axb4 Qxb4 38. Rb5 Qe7 39. Rb7 Qc5+ 40. Kh1 Re7 41. Rxe7 Qxe7 42. Qf3 Bg8 43. Bxd5 Bxd5 44. Rxd5 Rc8 45. Rd7 Qe1+ 46. Kh2 Qe6 47. Qd5 Qf6 48. Qd6 Qxd6+ 49. Rxd6 Kg8 50. Kg3 Kf7 51. Rd7+ Kf6 52. c7 h5 53. Rd5 Rxc7 54. Rxh5 Rc3+ 55. Kh2 g5 56. g4 Rc2+ 57. Kg3 Rc3+ 58. Kf2 Kg6 59. Kg2 Rc8 60. Kf3 Kf6 61. Ke3 Ra8 62. Kd4 Kg6 63. Ke5 Re8+ 64. Kd4 Ra8 65. Ke5 Ra4 66. Kd5 Rf4 67. Ke5 Rf8 68. Ke4 Ra8 69. Kd4 Ra4+ 70. Ke5 Rf4 71. Kd5 Kf6 72. Rh6+ Kg7 73. Rh5 Kg6 74. Ke5 Rf1 75. Kd4 Re1 76. Kd5 Kf6 77. Rh6+ Kg7 78. Rh5 Kf6 79. Rh6+ Ke7 80. Rh5 Kf6 81. Rh6+ 1/2-1/2

[Event "Sarpsborg op"]
[Site "Sarpsborg"]
[Date "2001.12.07"]
[Round "12"]
[White "Birkic, Vid"]
[Black "Andersen, Dag"]
[Result "0-1"]
[WhiteElo "1540"]
[BlackElo "1486"]
[PlyCount "144"]
[EventDate "2001.08.??"]
[EventType "swiss"]
[EventRounds "12"]
[EventCountry "NOR"]
[SourceTitle "EXT 2005"]
[Source "ChessBase"]
[SourceDate "2004.11.15"]
[SourceVersion "1"]
[SourceVersionDate "2004.11.15"]
[SourceQuality "1"]

1. d4 Nf6 2. c4 e6 3. Nc3 Bb4 4. Bg5 d5 5. e3 0-0 6. Nf3 c5 7. a3 Bxc3+ 8. bxc3 Nbd7 9. Qc2 Qc7 10. Bd3 a6 11. a4 dxc4 12. Bxc4 cxd4 13. cxd4 Nd5 14. 0-0 N7b6 15. Rfc1 Nxc4 16. Qxc4 Qxc4 17. Rxc4 f6 18. Bh4 Bd7 19. h3 b5 20. axb5 axb5 21. Rxa8 Rxa8 22. Rc2 Ra1+ 23. Kh2 Nb4 24. Rb2 Ra4 25. Nd2 Bc6 26. Bg3 Ra2 27. Rxa2 Nxa2 28. Bd6 b4 29. Nc4 Bd5 30. Nb2 Be4 31. f3 Bc2 32. Kg3 Kf7 33. Kf2 Ke8 34. Ke2 Kd7 35. Bf8 g6 36. Kd2 Bb3 37. Nd3 Bc4 38. Ne1 b3 39. h4 Kc6 40. g3 Kb5 41. Ba3 Ka4 42. Bb2 Nb4 43. e4 Nc6 44. f4 Na7 45. g4 Nc8 46. Kc3 Kb5 47. Nd3 Bxd3 48. Kxd3 Kb4 49. d5 exd5 50. e5 fxe5 51. fxe5 Ne7 52. Kd4 h5 53. gxh5 gxh5 54. e6 Kb5 55. Ke5 Kc6 56. Kf6 Ng8+ 57. Kg7 Ne7 58. Kf7 Nf5 59. e7 Nxe7 60. Kxe7 Kc5 61. Ke6 d4 62. Kf5 d3 63. Bc1 d2 64. Bxd2 b2 65. Be3+ Kd5 66. Kg5 b1Q 67. Kxh5 Qf5+ 68. Bg5 Ke6 69. Kh6 Qf8+ 70. Kg6 Qg8+ 71. Kh6 Kf5 72. h5 Qh8# 0-1

[Event "Sarpsborg op"]
[Site "Sarpsborg"]
[Date "2001.11.23"]
[Round "10"]
[White "Andersen, Dag"]
[Black "Birkic, Vid"]
[Result "1-0"]
[WhiteElo "1486"]
[BlackElo "1540"]
[PlyCount "93"]
[EventDate "2001.08.??"]
[EventType "swiss"]
[EventRounds "12"]
[EventCountry "NOR"]
[SourceTitle "EXT 2005"]
[Source "ChessBase"]
[SourceDate "2004.11.15"]
[SourceVersion "1"]
[SourceVersionDate "2004.11.15"]
[SourceQuality "1"]

1. d4 e6 2. c4 Nf6 3. Nc3 d5 4. Nf3 c6 5. e3 Bd6 6. c5 Bc7 7. Bd3 h6 8. 0-0 a5 9. b3 b5 10. cxb6 Bxb6 11. Ba3 Na6 12. Rc1 Nb4 13. Bb1 0-0 14. Ne5 Bb7 15. Re1 Bc7 16. Ne2 Bxe5 17. dxe5 Ng4 18. Bxb4 axb4 19. Qd3 f5 20. exf6 Nxf6 21. Nd4 Qd6 22. f3 c5 23. Ne2 e5 24. Ng3 Ba6 25. Qg6 Bc8 26. Nh5 Rf7 27. Nxf6+ Rxf6 28. Qh7+ Kf7 29. Red1 Be6 30. Rd2 Rc8 31. Rcd1 c4 32. bxc4 Rxc4 33. Be4 d4 34. exd4 Rxd4 35. Rxd4 exd4 36. Qh8 Bxa2 37. Qa8 Qa6 38. Qd8 Rd6 39. Qc7+ Kf6 40. Qc5 Qb6 41. Qf5+ Ke7 42. Qe5+ Kf8 43. Bd3 Bf7 44. Ra1 Rd8 45. Ra6 Qb7 46. Qa5 b3 47. Qxd8+ 1-0

[Event "Sarpsborg op"]
[Site "Sarpsborg"]
[Date "2001.11.02"]
[Round "9"]
[White "Birkic, Vid"]
[Black "Kristiansen, Espen"]
[Result "1-0"]
[WhiteElo "1540"]
[BlackElo "968"]
[PlyCount "97"]
[EventDate "2001.08.??"]
[EventType "swiss"]
[EventRounds "12"]
[EventCountry "NOR"]
[SourceTitle "EXT 2005"]
[Source "ChessBase"]
[SourceDate "2004.11.15"]
[SourceVersion "1"]
[SourceVersionDate "2004.11.15"]
[SourceQuality "1"]

1. e4 c6 2. f4 d5 3. e5 Bf5 4. d4 h6 5. Bd3 Bxd3 6. Qxd3 e6 7. Nf3 Ne7 8. 0-0 Nf5 9. g4 Nh4 10. f5 exf5 11. gxf5 Nxf3+ 12. Qxf3 Qh4 13. Be3 h5 14. Kh1 Qe4 15. Qxe4 dxe4 16. Nd2 Nd7 17. Nxe4 Rc8 18. Bf4 Nb6 19. c3 Nd5 20. c4 Nxf4 21. Rxf4 Rd8 22. Rd1 Bb4 23. a3 Ba5 24. Nd6+ Rxd6 25. exd6 Kd7 26. b4 Bd8 27. c5 Re8 28. Rd3 Bg5 29. Rf2 Re4 30. d5 h4 31. h3 Bf6 32. dxc6+ bxc6 33. Kg2 Rc4 34. Kf3 a5 35. Rb3 axb4 36. axb4 Rc3+ 37. Rxc3 Bxc3 38. Rc2 Bxb4 39. Kg4 Be1 40. Re2 Bg3 41. Re7+ Kd8 42. Rc7 g6 43. Rxc6 Kd7 44. Rc7+ Kd8 45. Rxf7 Ke8 46. fxg6 Be5 47. d7+ Kd8 48. g7 Bxg7 49. Rxg7 1-0

[Event "Sarpsborg op"]
[Site "Sarpsborg"]
[Date "2001.09.21"]
[Round "5"]
[White "Helgesen, Jack"]
[Black "Birkic, Vid"]
[Result "0-1"]
[WhiteElo "983"]
[BlackElo "1540"]
[PlyCount "72"]
[EventDate "2001.08.??"]
[EventType "swiss"]
[EventRounds "12"]
[EventCountry "NOR"]
[SourceTitle "EXT 2005"]
[Source "ChessBase"]
[SourceDate "2004.11.15"]
[SourceVersion "1"]
[SourceVersionDate "2004.11.15"]
[SourceQuality "1"]

1. e4 c5 2. b3 e5 3. Nf3 Nc6 4. Be2 g6 5. Bb2 Bg7 6. 0-0 Nge7 7. c3 d5 8. Qc2 d4 9. Rd1 0-0 10. Na3 a6 11. cxd4 cxd4 12. d3 b5 13. Qd2 f5 14. Rac1 f4 15. Rc5 Bd7 16. Nc2 Qb6 17. Ba3 a5 18. Rxc6 Nxc6 19. Bxf8 Bxf8 20. g3 Bh6 21. a3 g5 22. Rc1 Kg7 23. b4 g4 24. Nh4 f3 25. Qe1 fxe2 26. Rb1 Bg5 27. Nf5+ Bxf5 28. exf5 Kf6 29. Qxe2 h5 30. f3 h4 31. Qe4 hxg3 32. hxg3 gxf3 33. Rf1 Rh8 34. bxa5 Qc5 35. Nb4 Be3+ 36. Rf2 Qc1# 0-1

[Event "Sarpsborg op"]
[Site "Sarpsborg"]
[Date "2001.08.31"]
[Round "2"]
[White "Gupta, Sudhir Kumar"]
[Black "Birkic, Vid"]
[Result "0-1"]
[WhiteElo "1151"]
[BlackElo "1540"]
[PlyCount "26"]
[EventDate "2001.08.??"]
[EventType "swiss"]
[EventRounds "12"]
[EventCountry "NOR"]
[SourceTitle "EXT 2005"]
[Source "ChessBase"]
[SourceDate "2004.11.15"]
[SourceVersion "1"]
[SourceVersionDate "2004.11.15"]
[SourceQuality "1"]

1. e4 e6 2. d4 d5 3. exd5 Qxd5 4. Nc3 Bb4 5. a3 Bxc3+ 6. bxc3 Nf6 7. Qf3 Qa5 8. Bd2 0-0 9. Bd3 c5 10. c4 Qb6 11. d5 Qb2 12. Bc3 Qxc3+ 13. Kf1 Qxa1+ 0-1

[Event "Sarpsborg CC-ch"]
[Site "Sarpsborg"]
[Date "2001.04.27"]
[Round "14"]
[White "Rangoy, Helge"]
[Black "Birkic, Vid"]
[Result "0-1"]
[WhiteElo "1639"]
[BlackElo "1540"]
[PlyCount "118"]
[EventDate "2001.??.??"]
[EventType "swiss"]
[EventRounds "11"]
[EventCountry "NOR"]
[SourceTitle "EXT 2005"]
[Source "ChessBase"]
[SourceDate "2004.11.15"]
[SourceVersion "1"]
[SourceVersionDate "2004.11.15"]
[SourceQuality "1"]

1. e4 e6 2. c3 d5 3. e5 c5 4. Bb5+ Bd7 5. Bxd7+ Nxd7 6. Nf3 Ne7 7. d4 Ng6 8. h4 Be7 9. h5 Ngf8 10. Be3 Qb6 11. Qb3 Qc6 12. a4 a6 13. Nbd2 c4 14. Qc2 b5 15. h6 g6 16. Bg5 Nb6 17. Bxe7 Kxe7 18. axb5 axb5 19. 0-0 Nfd7 20. Ng5 Rxa1 21. Rxa1 Ra8 22. Rb1 Nf8 23. Ndf3 Ra2 24. Qc1 Qe8 25. Qf4 Nbd7 26. b3 cxb3 27. Rxb3 Ra1+ 28. Kh2 Ra5 29. Qh4 f6 30. exf6+ Nxf6 31. Ne5 Kd6 32. Qf4 Ke7 33. Nef7 Qd7 34. Ne5 Qe8 35. Ngf7 Qc8 36. Nd6 Qa6 37. g4 Qxd6 38. g5 N6d7 39. Qf7+ Kd8 40. f4 Nxe5 41. fxe5 Qe7 42. Qg7 Ra7 43. Rxb5 Kd7 44. Rb6 Kc8 45. Rc6+ Kd8 46. Rb6 Ra8 47. Rd6+ Ke8 48. Qg8 Qf7 49. Qxf7+ Kxf7 50. Rc6 Ke7 51. Kg3 Nd7 52. Kf3 Rf8+ 53. Kg3 Rb8 54. Kf4 Rb7 55. Ke3 Rb8 56. Kd3 Rf8 57. c4 dxc4+ 58. Kxc4 Rf5 59. Rc8 Nb6+ 0-1

[Event "Sarpsborg CC-ch"]
[Site "Sarpsborg"]
[Date "2001.04.20"]
[Round "11"]
[White "Birkic, Vid"]
[Black "Fjellengen, Bard"]
[Result "1-0"]
[WhiteElo "1540"]
[BlackElo "1774"]
[PlyCount "71"]
[EventDate "2001.??.??"]
[EventType "swiss"]
[EventRounds "11"]
[EventCountry "NOR"]
[SourceTitle "EXT 2005"]
[Source "ChessBase"]
[SourceDate "2004.11.15"]
[SourceVersion "1"]
[SourceVersionDate "2004.11.15"]
[SourceQuality "1"]

1. d4 b6 2. c4 e6 3. e4 Bb7 4. Nc3 Bb4 5. Qc2 Qh4 6. Bd3 Nf6 7. d5 Na6 8. g3 Qh5 9. f3 Bd6 10. Qg2 c6 11. dxc6 Bxc6 12. a3 Nc5 13. Bc2 Be5 14. Nge2 a5 15. Be3 0-0 16. 0-0 d5 17. cxd5 exd5 18. exd5 Nxd5 19. Nxd5 Bxd5 20. Nf4 Bxf4 21. Bxf4 Be6 22. Qf2 Nd7 23. Be4 Rac8 24. Rac1 Nc5 25. Bb1 Bh3 26. g4 Bxg4 27. fxg4 Qxg4+ 28. Kh1 Qe6 29. b4 axb4 30. axb4 Na6 31. Rxc8 Rxc8 32. Bd2 Rd8 33. Bxh7+ Kh8 34. Qh4 Rxd2 35. Bd3+ Qh6 36. Qd8# 1-0

[Event "Sarpsborg CC-ch"]
[Site "Sarpsborg"]
[Date "2001.02.23"]
[Round "7"]
[White "Rangoy, Helge"]
[Black "Birkic, Vid"]
[Result "1-0"]
[WhiteElo "1639"]
[BlackElo "1540"]
[PlyCount "66"]
[EventDate "2001.??.??"]
[EventType "swiss"]
[EventRounds "11"]
[EventCountry "NOR"]
[SourceTitle "EXT 2005"]
[Source "ChessBase"]
[SourceDate "2004.11.15"]
[SourceVersion "1"]
[SourceVersionDate "2004.11.15"]
[SourceQuality "1"]

1. e4 e5 2. Nf3 Nc6 3. d4 exd4 4. Bc4 Be7 5. c3 Nf6 6. e5 Ng4 7. cxd4 Na5 8. Bd3 d6 9. h3 Nh6 10. Bxh6 gxh6 11. Qd2 c5 12. exd6 Bxd6 13. 0-0 cxd4 14. Re1+ Be7 15. Nxd4 Nc6 16. Nxc6 bxc6 17. Qc3 Rg8 18. Bxh7 Rg5 19. Qxc6+ Bd7 20. Qxh6 Qa5 21. Nc3 Rb8 22. Qd6 Qd8 23. Rxe7+ Qxe7 24. Qxb8+ Qd8 25. Qxd8+ Kxd8 26. Ne4 Rg7 27. Rd1 Ke7 28. g4 Rxh7 29. Rxd7+ Kf8 30. Ng5 Rg7 31. f4 a5 32. Rxf7+ Rxf7 33. Nxf7 Kxf7 1-0